000 00794nam a2200241Ia 4500
003 OSt
005 20220923230411.0
006 a|||||r|||| 00| 0
007 ta
008 220922b |||||||| |||| 00| 0 hin d
024 _a281,315
037 _cTextual
040 _aARTS
_cARTS
_bhin
041 _2hin
_ahin
082 _aO152,1:g(S:55), J6
100 _aचतुर्वेदी, परशुराम
245 0 _aभारतीय प्रेमसख्यान की परम्परा
246 _aBhāratīya premasakhyān kī paramparā
260 _c1956
650 _aहिन्दी साहित्य
_9156264
942 _hO152,1:g(S:55), J6
_cTEXL
_2CC
999 _c384581
_d384581